000
00267nam a2200109Ia 4500
008
190216s9999||||xx |||||||||||||| ||und||
100
_a
Alan Simpson 
 Cele Sterobinson
245
0
_a
Access 2000
260
_b
Bpb Publications
_c
1999
300
_a
1162p
942
_c
BK
999
_c
8773
_d
8773